Catálogo
 En Linea
Vista normal Vista MARC

Entrada Nombre personal

Número de registros utilizados en: 2

001 - NÚMERO DE CONTROL

  • campo de control: 87322

003 - IDENTIFICADOR DEL NÚMERO DE CONTROL

  • campo de control: BNPHU

005 - FECHA Y HORA DE LA ÚLTIMA TRANSACCIÓN

  • campo de control: 20260306131158.0

008 - DATOS DE LONGITUD FIJA

  • campo de control de longitud fija: 250403|| aza||aabn | a|a d

040 ## - FUENTE DE LA CATALOGACIÓN

  • Centro catalogador/agencia de origen: DO-SdBNP
  • Lengua de catalogación: spa
  • Centro/agencia transcriptor: DO-SdBNP

100 1# - ENCABEZAMIENTO-NOMBRE DE PERSONA

  • Nombre de persona: Rabelo Cartagena, José A.

370 ## - LUGAR ASOCIADO

  • Lugar de nacimiento: Aibonito (P.R.)
  • Otro lugar asociado: Cayey (P.R.)
  • Fuente del término: naf

374 ## - OCUPACIÓN

  • Ocupación: Escritor $a Dermatologists
  • Ocupación: Dermatologista
  • Fuente del término: lcsh

377 ## - LENGUA/LENGUAJE ASOCIADO

  • Código del idioma: spa
  • Término de lengua/lenguaje: Español

400 1# - TRAZADO DE VÉASE--NOMBRE DE PERSONA

  • Nombre de persona: Cartagena, José A. Rabelo,
  • Fechas asociadas al nombre: 1963-

400 1# - TRAZADO DE VÉASE--NOMBRE DE PERSONA

  • Nombre de persona: Rabelo, José A.,
  • Fechas asociadas al nombre: 1963-

400 1# - TRAZADO DE VÉASE--NOMBRE DE PERSONA

  • Nombre de persona: Rabelo, José,
  • Fechas asociadas al nombre: 1963-

670 ## - FUENTE DE DATOS ENCONTRADOS

  • Cita de la fuente: Work cat.: (DO-SdBNP)58592: Rabelo, jóse, Los Mundos de Lonstal: La isla imposible

670 ## - FUENTE DE DATOS ENCONTRADOS

  • Identificador Uniforme del Recurso: https://authorities.loc.gov/authority/3f086fe5-edf3-4db1-93a8-0fe8630bcac8?searchFields=name&searchType=begins&searchTerm=rabelo%2C+jose&limit=100&sortBy=relevance&headingRef=Rabelo%2C+Jose%CC%81%2C+1963- Consultado en 06 de Marzo, 2026

Con tecnología Koha